Actors who worked with Martin McDonagh - Statistics

General Stats
  • This quiz has been taken 28 times
  • The average score is 12 of 26
Answer Stats
Films Answer % Correct
The Banshees of Inisherin, In Bruges, Seven Psychopaths Colin Farrell
95%
Three Billboards Oustide Ebbing, Missouri Frances McDormand
95%
The Banshees of Inisherin, In Bruges Brendan Gleeson
91%
Three Billboards Oustide Ebbing, Missouri, Seven Psychopaths Sam Rockwell
91%
Three Billboards Oustide Ebbing, Missouri, Seven Psychopaths Woody Harrelson
91%
The Banshees of Inisherin Barry Keoghan
86%
In Bruges Ralph Fiennes
86%
Seven Psychopaths Christopher Walken
77%
Three Billboards Oustide Ebbing, Missouri Peter Dinklage
59%
The Banshees of Inisherin, Three Billboards Oustide Ebbing, Missouri Kerry Condon
55%
Three Billboards Oustide Ebbing, Missouri Caleb Landry Jones
36%
Seven Psychopaths Olga Kurylenko
36%
Seven Psychopaths Tom Waits
36%
Three Billboards Oustide Ebbing, Missouri Lucas Hedges
32%
In Bruges Clémence Poésy
27%
Three Billboards Oustide Ebbing, Missouri John Hawkes
27%
Three Billboards Oustide Ebbing, Missouri Kathryn Newton
23%
Three Billboards Oustide Ebbing, Missouri, In Bruges, Seven Psychopaths Zeljko Ivanek
23%
Three Billboards Oustide Ebbing, Missouri, Seven Psychopaths Abbie Cornish
18%
Seven Psychopaths Michael Stuhlbarg
18%
Three Billboards Oustide Ebbing, Missouri Samara Weaving
18%
In Bruges Ciarán Hinds
14%
The Banshees of Inisherin Gary Lydon
14%
In Bruges Jérémie Renier
14%
Seven Psychopaths Kevin Corrigan
14%
In Bruges Thekla Reuten
14%
No matching quizzes found
Score Distribution
Percent of People with Each Score
Percentile by Number Answered
Your Score History
You have not taken this quiz